Liam Payne (& Lennon Stella) - Polaroid - All lyrics - Statistics

General Stats
  • This quiz has been taken 20 times
  • The average score is 281 of 348
Answer Stats
Answer % Correct
I
100%
(I
100%
it
100%
you
100%
You
100%
a
89%
A
89%
again
89%
an
89%
and
89%
And
89%
face
89%
how
89%
in
89%
Let
89%
me
89%
my
89%
name
89%
Polaroid
89%
put
89%
see
89%
signed
89%
tell
89%
time
89%
took
89%
upon
89%
wallet
89%
(We
89%
We
89%
your
89%
all
78%
All
78%
at
78%
be
78%
Before
78%
believer
78%
But
78%
Captured
78%
could
78%
eye)
78%
eyes
78%
fading
78%
fall
78%
first
78%
for
78%
gone
78%
happened
78%
Hoping
78%
I'd
78%
imagination?
78%
It's
78%
life
78%
like
78%
look
78%
looking
78%
looking,
78%
love
78%
matter
78%
never
78%
night
78%
No,
78%
of
78%
only
78%
sight
78%
someone
78%
starts
78%
sudden
78%
that
78%
That
78%
the
78%
Then
78%
was
78%
Was
78%
wasn't
78%
got
67%
hmm
67%
I'll
67%
light)
67%
light
67%
lost
67%
moment)
67%
rest
67%
(She's
67%
were
67%
blink
56%
catch
56%
feeling
56%
flash
56%
loved
56%
out
56%
saw
56%
station
56%
view
56%
behind
44%
could've
44%
dancing
44%
didn't
44%
friends
44%
leaving
44%
moving
44%
people
44%
second,
44%
something
44%
swore
44%
there
44%
thousand
44%
wanna
44%
slipped
33%
without
33%
flashing
22%
No matching quizzes found
Score Distribution
Percent of People with Each Score
Percentile by Number Answered
Your Score History
You have not taken this quiz